| Tag |
First Indicator |
Second Indicator |
Subfields |
| LEADER |
00000cam a2200000 4500 |
| 001 |
in00000434591 |
| 005 |
20151012072810.0 |
| 007 |
he bm----b--- |
| 008 |
760416r19751847kyu b 10010 engm |
| 035 |
|
|
|a (OCoLC)02117248
|
| 035 |
|
|
|9 ABW9642AM
|
| 040 |
|
|
|a DLC
|c RRR
|d UUM
|d OCL
|d m.c.
|d TXA
|d UtOrBLW
|
| 049 |
|
|
|a TXAI
|
| 099 |
|
|
|a fiche
|a C
|a 5326
|
| 111 |
2 |
|
|a Harbor and River Convention
|d (1847 :
|c Chicago, Ill.)
|
| 245 |
1 |
0 |
|a Proceedings of the Harbor and river convention :
|b held at Chicago, July fifth, 1847; together with full list of names of delegates in attendance: letters read at the convention, and a detailed appendix /
|c Published by order of the convention.
|
| 264 |
|
3 |
|a Chicago :
|b Printed by R. L. Wilson,
|c 1847.
|
| 300 |
|
|
|a 79 pages ;
|c 20 cm.
|
| 336 |
|
|
|a text
|b txt
|2 rdacontent
|
| 337 |
|
|
|a microform
|b h
|2 rdamedia
|
| 338 |
|
|
|a microfiche
|b he
|2 rdacarrier
|
| 500 |
|
|
|a "Sabin: 12634."
|
| 500 |
|
|
|a "Copied from the original in the Library of Congress."
|
| 533 |
|
|
|a Microfiche.
|b Louisville, Ky. :
|c Lost Cause Press,
|d 1975.
|e 2 microfiches ; 11 x 15 cm.
|
| 500 |
|
|
|a Microform.
|
| 650 |
|
0 |
|a Inland navigation
|v Congresses.
|
| 650 |
|
0 |
|a Inland navigation
|z United States.
|
| 999 |
|
|
|a MARS
|
| 999 |
f |
f |
|s 66f50af4-59e1-3310-90fb-3a59e589de5d
|i 6bee53ee-dca6-3d6d-8317-1f2045661c82
|t 0
|
| 952 |
f |
f |
|p normal
|a Texas A&M University
|b College Station
|c Sterling C. Evans Library
|d Evans: Microforms (3rd floor)
|t 0
|e fiche C 5326
|h Other scheme
|i microform -- microfiche
|m A14821870629
|
| 998 |
f |
f |
|a fiche C 5326
|t 0
|l Evans: Microforms (3rd floor)
|